|
|
|
|
| LEADER |
00654nam a22002052a 4500 |
| 001 |
000755533 |
| 003 |
CZ BrMZK |
| 005 |
20041215070255.0 |
| 007 |
ta |
| 008 |
041215s1992 xxc er|||||||||||eng d |
| 040 |
|
|
|a ABA001
|b cze
|d ABA001
|d BOA001
|
| 100 |
1 |
|
|a Brock, Peter,
|d 1920-2006
|7 jn19990001105
|4 aut
|
| 245 |
1 |
2 |
|a A Brief History of Pacifism from Jesus to Tolstoy /
|c Peter Brock
|
| 250 |
|
|
|a 2. Ed
|
| 260 |
|
|
|a Toronto :
|b Syracuse Univ. Press,
|c 1992
|
| 300 |
|
|
|a 80 s.
|
| 504 |
|
|
|a Obsahuje bibliografii
|
| 910 |
|
|
|a BOA001
|b 2-0982.558
|k k
|
| 990 |
|
|
|a BK
|
| 996 |
7 |
|
|b 2619348411
|c 2-0982.558
|l MZK
|r Sklad / do 1 hodiny
|n 0
|w 000755533
|u 000010
|a 1
|e BOA001
|j MZK50
|s A
|